Theory of machines and mechanisms / (Record no. 101945)

MARC details
000 -LEADER
fixed length control field 01186nam a22002897a 4500
008 - FIXED-LENGTH DATA ELEMENTS--GENERAL INFORMATION
fixed length control field 160808b xxu||||| |||| 00| 0 eng d
010 ## - LCCN (DPL NO)
LC control number 1617EN ENG-116960
020 ## - INTERNATIONAL STANDARD BOOK NUMBER
International Standard Book Number 9780199454167
Terms of availability 695.00
035 ## - SYSTEM CONTROL NUMBER
System control number B-651380-387
035 ## - SYSTEM CONTROL NUMBER
System control number EN-100492
035 ## - SYSTEM CONTROL NUMBER
System control number B-666252
037 ## - SOURCE OF ACQUISITION
Stock number dpl
Source of stock number/acquisition Pragati
037 ## - SOURCE OF ACQUISITION
Source of stock number/acquisition DBAD/PUB
082 ## - DEWEY DECIMAL CLASSIFICATION NUMBER
Classification number 621.8
100 ## - MAIN ENTRY--PERSONAL NAME
Personal name Uicker, John J.
245 ## - TITLE STATEMENT
Title Theory of machines and mechanisms /
Statement of responsibility, etc by John J.Uicker, Gordon R.Oennock [and] Joseph E.Shigley
250 ## - EDITION STATEMENT
Edition statement 4th ed.
260 ## - PUBLICATION, DISTRIBUTION, ETC. (IMPRINT)
Place of publication, distribution, etc New Delhi
Name of publisher, distributor, etc Oxford University Press
Date of publication, distribution, etc 2016(rpt)
270 ## - ADDRESS
Address YMCA Building Jai Singh Road
City New Delhi
Postal code 110001
300 ## - PHYSICAL DESCRIPTION
Extent xvi, 772 p.
Dimensions 24cm
Other physical details illus.
500 ## - GENERAL NOTE
General note Includes index
700 ## - ADDED ENTRY--PERSONAL NAME
Personal name Oennock Gordon R.
700 ## - ADDED ENTRY--PERSONAL NAME
Personal name Shigley, Joseph E.
942 ## - ADDED ENTRY ELEMENTS (KOHA)
Source of classification or shelving scheme Dewey Decimal Classification
Item type English Books
Classification part 621.8
Call number suffix UIC
Holdings
Withdrawn status Lost status Source of classification or shelving scheme Damaged status Not for loan Collection code Home library Current library Date acquired Source of acquisition Cost, normal purchase price Total Checkouts Full call number Barcode Date last seen Copy number Cost, replacement price Koha item type Total Renewals
    Dewey Decimal Classification     Non-fiction Ashok Vihar Ashok Vihar 18/05/2017 BPPD/EN/2016-17/AV/2016-17/466/15.2.2017///571/28.2.2017/ 10.3.2017 695.00 2 621.8 UIC B-666252 05/01/2019 1 695.00 English Books  
    Dewey Decimal Classification   Not For Loan Non-fiction D.B.Act.Division Bawana 28/12/2016 DBAD/PUB 625.00   621.8 UIC EN-100492 28/12/2016 1 625.00 English Books  
    Dewey Decimal Classification     Non-fiction Bawana Bawana 08/02/2017 BPPD/EN/2016-17/300/24.11.2016/IN339/2.12.2016/4.1.2017 695.00 1 621.8 UIC B-651386 25/02/2020 1 695.00 English Books 2
    Dewey Decimal Classification     Non-fiction Central Library Central Library 08/02/2017 BPPD/EN/2016-17/300/24.11.2016/IN339/2.12.2016/4.1.2017 695.00 17 621.8 UIC B-651380 25/10/2019 1 695.00 English Books 7
    Dewey Decimal Classification     Non-fiction Janak Puri Janak Puri 08/02/2017 BPPD/EN/2016-17/300/24.11.2016/IN339/2.12.2016/4.1.2017 695.00 3 621.8 UIC B-651384 26/11/2018 1 695.00 English Books  
    Dewey Decimal Classification     Non-fiction Kasturba Gandhi Marg Kasturba Gandhi Marg 08/02/2017 BPPD/EN/2016-17/300/24.11.2016/IN339/2.12.2016/4.1.2017 695.00   621.8 UIC B-651383 08/02/2017 1 695.00 English Books  
    Dewey Decimal Classification     Non-fiction New Police Line New Police Line 08/02/2017 BPPD/EN/2016-17/300/24.11.2016/IN339/2.12.2016/4.1.2017 695.00   621.8 UIC B-651381 08/02/2017 1 695.00 English Books  
    Dewey Decimal Classification     Non-fiction Patel Nagar Patel Nagar 08/02/2017 BPPD/EN/2016-17/300/24.11.2016/IN339/2.12.2016/4.1.2017 695.00 15 621.8 UIC B-651382 18/07/2023 1 695.00 English Books 18
    Dewey Decimal Classification     Non-fiction Sarojini Nagar Sarojini Nagar 08/02/2017 BPPD/EN/2016-17/300/24.11.2016/IN339/2.12.2016/4.1.2017 695.00 2 621.8 UIC B-651385 12/02/2022 1 695.00 English Books 1
    Dewey Decimal Classification     Non-fiction Shahdara Branch Shahdara Branch 08/02/2017 BPPD/EN/2016-17/300/24.11.2016/IN339/2.12.2016/4.1.2017 695.00   621.8 UIC B-651387 08/02/2017 1 695.00 English Books  

© Delhi Public Library
Hit Counter
free hit counter